01164nam a22003017i 4500003000900000005001700009008004100026020001800067040004300085082002100128245012300149250002300272264007200295300005800367336002600425337002800451338002700479500002100506650003600527650003500563650003700598653001700635655001700652700003100669942001200700999001700712952013300729EG-ScBUE20250624090252.0120222r20091997ii a f 001 0 eng d a9788122411256 aEG-ScBUEbengerdacEG-ScBUEdEG-ScBUE04222a537.623bADV00aAdvances in superconductivity :bnew materials, critical currents and devices /ceditors, R. Pinto, [and three others] aReprinted edition. 1aNew Delhi :bNew Age International (P) Limited, Publishers, c2009. axvi, 402 pages :billustrations (some color) ;c25 cm 2rdacontentatextbtxt aunmediated2rdamediabn avolumebnc2rdacarrier aIncludes index.  795433aSuperconductivity.2BUEsh 7929080aSuperconductors.2BUEsh 7929081aCritical currents.2BUEsh cFebruary2012 vReading book1 929079aPinto, R.,eeditor. 2ddccBB c16509d16509 00102ddc40708AlahramaMAINbMAINc1STd2012-02-22ePurchaseg168.00h682l0o537.623 ADVp000026169r2025-07-15 00:00:00yBB